000 00898nam a2200277Ia 4500
005 20220316235423.0
008 121119s1999 mx gr 000 0 spa
020 _a9681636724
041 0 _aspa
100 1 _aAura, Alejandro
_d1944-
245 1 3 _aEl otro lado
_cAlejandro Aura ; ilustraciones de Marcos Límenes
250 _aPrimera edición
300 _a48 páginas
490 0 _aLos especiales de a la orilla del viento
650 1 4 _aCuentos mexicanos
_ySiglo XX
_2LEMB
650 1 4 _aLibros de imágenes
_2LEMB
650 1 4 _aLiteratura infantil mexicana
_2LEMB
700 1 _aLímenes, Marcos
_eilustrador
_937220
942 _2loc
_cBKINF
264 _aMexico D.F.
_bFondo de Cultura Económica
_c1999
336 _atexto
_btxt
_2rdacontent
337 _asin mediación
_bn
_2rdamedia
338 _avolumen
_bnc
_2rdacarrier
040 _aCO-BoRNBP
_bspa
_erda
_cCO-BoRNBP
084 _aA AUR1
999 _c910
_d910